000 00491nmm a2200169Ia 4500
008 251105s9999||||xx |||||||||||||||||und||
020 _a9786071632159
041 _aspa
100 _aMalacara, Daniel
245 0 _aÓptica básica
264 _a[México D.C., Mexico] :
_bFondo de Cultura Económica,
_c2015
300 _a532 páginas
490 _aEdiciones científicas universitarias
650 _aSciences
856 _uhttps://public.digitaliapublishing.com/a/43727
942 _cCF
999 _c75540
_d75540